| 000 | 00778nam a2200253 a 4500 | ||
|---|---|---|---|
| 008 | 951027s1990||||[C 0 slo c | ||
| 020 |
_a807093039X _c35 Kčs. _q(100000 výtl.) |
||
| 040 |
_aSNK _bslo _cSNK _eAACR2 |
||
| 041 | 1 |
_aslo _hger |
|
| 044 |
_axo _cSK |
||
| 080 | _a784.66:929 | ||
| 080 | _a929 | ||
| 080 | _a929 Presley, Elvis Aaron | ||
| 100 | 1 |
_aTilgner, Wolfgang _4aut |
|
| 245 | 1 | 0 |
_aElvis Presley _cWolfgang Tilgner ; Milan Richter, Ľubomír Hušek, Ján Krížik |
| 250 | _a1., vyd. | ||
| 260 |
_aBratislava _bOpus _c1990 _eMartin _fTlačiarne SNP |
||
| 300 |
_a247 s., 13,3 AH _bFot. _c21 cm |
||
| 500 | _aFot. na front. Diskografia. | ||
| 700 | 1 |
_aRichter, Milan _4trl |
|
| 700 | 1 |
_aHušek, Ľubomír _4bkd |
|
| 700 | 1 |
_aKrížik, Ján _4bkd |
|
| 958 | _aA | ||
| 999 |
_c15139 _d15139 |
||